Prospects of open-pollinated progenies in Hevea breeding (Record no. 66036)
[ view plain ]
| 000 -LEADER | |
|---|---|
| fixed length control field | 01543nam a2200217Ia 4500 |
| 100 ## - MAIN ENTRY--AUTHOR NAME | |
| Personal name | Tuy L M |
| 245 #0 - TITLE STATEMENT | |
| Title | Prospects of open-pollinated progenies in Hevea breeding |
| 260 ## - PUBLICATION, DISTRIBUTION, ETC. (IMPRINT) | |
| Name of publisher | Rubber Science |
| Year of publication | 2015 |
| 300 ## - PHYSICAL DESCRIPTION | |
| Number of Pages | 121-129 |
| 520 ## - SUMMARY, ETC. | |
| Summary, etc | Open-pollinated seeds are being used as supplementary genetic resources for Rubber Research Institute of Vietnam (RRIV) Hevea breeding program. These open-pollinated progenies over the years have shown good performance in small scale clone trials at different locations. In an attempt to enlarge genetic resources in Hevea breeding program, the open-pollination approach has been included in the RRIVs breeding programme since 2008. High rubber yield combined with the acceptable growth of open-pollinated progenies in both early selection trials and small scale clonal trials at different locations suggested that these progenies would be potential genetic materials for Hevea breeding. The high genetic variance and high coefficient of heritability for studied characteristics indicated that good hybrids could be produced from high yielding and vigorous parents through open-pollination. In summary, the study establishes the prospects of open-pollinated progenies in Hevea breeding program. |
| 650 ## - SUBJECT ADDED ENTRY--TOPICAL TERM | |
| Topical Term | Broad-sense heritability |
| 650 ## - SUBJECT ADDED ENTRY--TOPICAL TERM | |
| Topical Term | Hand-pollination |
| 650 ## - SUBJECT ADDED ENTRY--TOPICAL TERM | |
| Topical Term | Hevea brasiliensis |
| 650 ## - SUBJECT ADDED ENTRY--TOPICAL TERM | |
| Topical Term | Open-pollination |
| 650 ## - SUBJECT ADDED ENTRY--TOPICAL TERM | |
| Topical Term | Selection |
| 650 ## - SUBJECT ADDED ENTRY--TOPICAL TERM | |
| Topical Term | Variance |
| 700 ## - ADDED ENTRY--PERSONAL NAME | |
| Personal name | Anh L H N |
| 700 ## - ADDED ENTRY--PERSONAL NAME | |
| Personal name | Lam Lai Van |
| 942 ## - ADDED ENTRY ELEMENTS (KOHA) | |
| Koha item type | Journals |
| Withdrawn status | Lost status | Damaged status | Not for loan | Home library | Current library | Shelving location | Date acquired | Serial Enumeration / chronology | Koha item type |
|---|---|---|---|---|---|---|---|---|---|
| Journals | RRII Library | RRII Library | Botany | 17/12/2021 | Volume 28, Issue 2 | Journals |